[Event "Campeonato de España Individual"]
[Site "Cala Major-Palma de Mallorca"]
[Date "2009.09.26"]
[Round "1.38"]
[White "Menvielle Laccourreye, Augusto"]
[Black "Trillo-Figueroa Vidal, Antonio"]
[Result "1-0"]
[WhiteElo "2254"]
[BlackElo "1838"]
[PlyCount "119"]
[EventDate "2009.09.26"]

1. e4 c5 2. Nf3 d6 3. c3 Nf6 4. Bd3 e6 5. O-O Be7 6. Bc2 O-O 7. d4 cxd4 8. cxd4
Nc6 9. Nc3 e5 10. h3 a6 11. Be3 b5 12. Rc1 Bb7 13. Qe2 b4 14. Nd5 Nxd5 15. exd5
Nxd4 16. Bxd4 exd4 17. Nxd4 Bf6 18. Qe4 g6 19. Rfd1 Re8 20. Qf3 Bg5 21. Rb1 Qf6
22. Ba4 Re5 23. Bc6 Rb8 24. Qd3 a5 25. Qb5 Re7 26. Nf3 Bf4 27. Qxa5 Bc8 28. Re1
Rxe1+ 29. Rxe1 Bf5 30. Qa7 Rf8 31. Qd4 Qxd4 32. Nxd4 Bd3 33. Rd1 Ba6 34. Nc2
Rb8 35. Rd4 b3 36. axb3 Be5 37. Ra4 Bd3 38. Rb4 Rc8 39. Nd4 Be4 40. f3 Bd3 41.
Kf2 Rc7 42. Ke3 Bf1 43. Kf2 Bd3 44. h4 Ra7 45. Ba4 Rc7 46. Nc6 Bxb2 47. Rb8+
Kg7 48. Bb5 Bc2 49. Bc4 Bc3 50. b4 Ba4 51. b5 Bd4+ 52. Ke2 Bc5 53. Kd2 Bb4+ 54.
Kd3 Be1 55. Ra8 Bxb5 56. Bxb5 Bxh4 57. Ra7 Rc8 58. Rd7 Bg3 59. Nd8 Ra8 60. Nxf7
1-0

[Event "Campeonato de España Individual"]
[Site "Cala Major-Palma de Mallorca"]
[Date "2009.09.26"]
[Round "1.39"]
[White "Zhou, Tai Long"]
[Black "Barcelo Pujadas, Pedro Jose"]
[Result "0-1"]
[WhiteElo "1818"]
[BlackElo "2249"]
[PlyCount "96"]
[EventDate "2009.09.26"]

1. e4 e6 2. d4 d5 3. e5 c5 4. c3 Qb6 5. Nf3 Bd7 6. a3 a5 7. Bd3 Bb5 8. O-O Bxd3
9. Qxd3 Nc6 10. Nbd2 cxd4 11. cxd4 Nge7 12. Rd1 Nf5 13. Nf1 Be7 14. Ng3 Nxg3
15. hxg3 O-O 16. Bg5 h6 17. Bxe7 Nxe7 18. Nd2 a4 19. b4 axb3 20. Rdb1 b2 21.
Ra2 Nc6 22. Nf3 Qa6 23. Qxa6 Rxa6 24. Raxb2 Rxa3 25. Rxb7 Ra4 26. Rd1 Rfa8 27.
Rb2 Rc4 28. Kf1 Raa4 29. Rbd2 g5 30. g4 Kg7 31. Ke2 h5 32. Ke3 hxg4 33. Nh2 Nb4
34. Nxg4 Nc2+ 35. Ke2 Nxd4+ 36. Kf1 Nb3 37. Rb2 Rxg4 38. Rxb3 Rge4 39. f3 Rxe5
40. Rd2 g4 41. Kf2 gxf3 42. gxf3 Rh4 43. Kg3 Rh1 44. Rd4 Kf6 45. Ra3 Rg5+ 46.
Kf2 Rh2+ 47. Ke3 Re5+ 48. Kf4 Rh4+ 0-1

[Event "Campeonato de España Individual"]
[Site "Cala Major-Palma de Mallorca"]
[Date "2009.09.26"]
[Round "1.40"]
[White "Pont Mulet, Antonio"]
[Black "Ensenat Calafell, Jose Luis"]
[Result "1-0"]
[WhiteElo "2232"]
[BlackElo "1810"]
[PlyCount "67"]
[EventDate "2009.09.26"]

1. e4 e5 2. Nf3 Nc6 3. Nc3 Nf6 4. d4 d6 5. Bb5 exd4 6. Nxd4 Bd7 7. O-O a6 8.
Bxc6 bxc6 9. Bf4 Be7 10. e5 dxe5 11. Bxe5 O-O 12. Qf3 c5 13. Nc6 Bxc6 14. Qxc6
Bd6 15. Rad1 Qe8 16. Qxe8 Nxe8 17. Rfe1 f6 18. Bg3 Bxg3 19. hxg3 Nd6 20. Nd5
Rf7 21. Nxc7 Rxc7 22. Rxd6 Kf7 23. Ree6 Re7 24. Rxe7+ Kxe7 25. Rc6 Rd8 26. Rxc5
Kd6 27. b4 Rb8 28. c3 Rb5 29. Rxb5 axb5 30. Kf1 Kd5 31. Ke2 Kc4 32. Kd2 f5 33.
Kc2 g6 34. Kd2 1-0

[Event "Campeonato de España Individual"]
[Site "Cala Major-Palma de Mallorca"]
[Date "2009.09.26"]
[Round "1.41"]
[White "Rodriguez Varela, Alvaro"]
[Black "Camacho Collados, Marcos"]
[Result "0-1"]
[WhiteElo "1805"]
[BlackElo "2231"]
[PlyCount "78"]
[EventDate "2009.09.26"]

1. e4 e5 2. Nf3 Nf6 3. Nc3 Bb4 4. Nxe5 O-O 5. Be2 Re8 6. Nf3 Nxe4 7. Nxe4 Rxe4
8. O-O d5 9. c3 Bd6 10. d4 Bg4 11. Bd3 Re8 12. Be3 Nd7 13. Rc1 Nf8 14. Be2 c6
15. Qd2 Qc7 16. h3 Bh5 17. Rfe1 f5 18. Qd1 Ng6 19. Kf1 Bf4 20. Bxf4 Nxf4 21.
Kg1 Re4 22. Qd2 Rae8 23. Bd1 Nd3 24. Rxe4 fxe4 25. Ne1 Nxc1 26. Bxh5 g6 27.
Bxg6 hxg6 28. Qxc1 Rf8 29. g3 Qd7 30. Kg2 Kg7 31. Nc2 Rh8 32. g4 Rf8 33. Qg5
Qf7 34. Qe5+ Kh6 35. Qg3 Qf3+ 36. Qxf3 Rxf3 37. Ne3 Kg5 38. c4 dxc4 39. Nxc4
Rd3 0-1

[Event "Campeonato de España Individual"]
[Site "Cala Major-Palma de Mallorca"]
[Date "2009.09.26"]
[Round "1.42"]
[White "Gaya Llodra, Juan"]
[Black "Rodriguez Yague, Fermin"]
[Result "1-0"]
[WhiteElo "2218"]
[BlackElo "1796"]
[PlyCount "51"]
[EventDate "2009.09.26"]

1. d4 Nf6 2. Nf3 e6 3. g3 c5 4. Bg2 cxd4 5. O-O Nc6 6. Nxd4 d5 7. c4 e5 8. Nxc6
bxc6 9. cxd5 cxd5 10. Bg5 Be6 11. Bxf6 gxf6 12. Qa4+ Bd7 13. Qa6 e4 14. Nc3 Be6
15. Qc6+ Ke7 16. Qb7+ Ke8 17. Rfd1 Rb8 18. Qc6+ Qd7 19. Qxd7+ Kxd7 20. Bxe4
Rxb2 21. Bxd5 Bxd5 22. Nxd5 Ke6 23. Nf4+ Ke7 24. Rac1 Bh6 25. Rc7+ Kf8 26. Ne6+
1-0

[Event "Campeonato de España Individual"]
[Site "Cala Major-Palma de Mallorca"]
[Date "2009.09.26"]
[Round "1.35"]
[White "Serrano Bozada, Esteban"]
[Black "Alemany Jara, Alejandro"]
[Result "1/2-1/2"]
[WhiteElo "1893"]
[BlackElo "2287"]
[PlyCount "147"]
[EventDate "2009.09.26"]

1. e4 e5 2. d4 exd4 3. Qxd4 Nc6 4. Qe3 d6 5. Bd2 Be6 6. Nc3 Qd7 7. f4 f6 8.
O-O-O O-O-O 9. Nd5 Re8 10. Bc3 Bxd5 11. Rxd5 Qe6 12. Qh3 Qxh3 13. Nxh3 Rxe4 14.
Bd3 Re8 15. Rh5 h6 16. g4 Rd8 17. g5 Be7 18. Rg1 d5 19. gxh6 d4 20. Bd2 gxh6
21. a3 Bf8 22. Nf2 Nge7 23. Ne4 Nd5 24. Bc4 Nce7 25. Nc5 Rd6 26. b4 b6 27. Nb3
Kb8 28. Rg3 f5 29. Rd3 Nf6 30. Rhh3 Bg7 31. Rxd4 Rhd8 32. Rxd6 Rxd6 33. Bc3 Rc6
34. Bb5 Re6 35. Kb2 Rd6 36. Be5 Rd8 37. Bd3 Ng6 38. Kc1 Nxe5 39. fxe5 Ng4 40.
e6 Nf2 41. Rf3 Nxd3+ 42. cxd3 Re8 43. Rxf5 Rxe6 44. Rh5 Rc6+ 45. Kd2 Rc3 46.
Nc1 Rxa3 47. b5 Bf6 48. h4 Ra4 49. Rxh6 Bxh4 50. Rh8+ Kb7 51. Kc2 Bg5 52. Rh5
Bxc1 53. Kxc1 Ra5 54. Kd2 Kb8 55. Rh8+ Kb7 56. Rh5 Kc8 57. Kc3 Kb7 58. d4 a6
59. bxa6+ Kxa6 60. Rh8 Kb7 61. Kc4 Rg5 62. Rh4 b5+ 63. Kb4 Kb6 64. Rf4 c6 65.
Kc3 Rg8 66. Rf6 Rd8 67. Rh6 Rg8 68. d5 Kc5 69. dxc6 Rc8 70. Kb3 Rxc6 71. Rxc6+
Kxc6 72. Kb4 Kb6 73. Kb3 Kc5 74. Kc3 1/2-1/2

[Event "Campeonato de España Individual"]
[Site "Cala Major-Palma de Mallorca"]
[Date "2009.09.26"]
[Round "1.45"]
[White "Sanchez Garcia, Julio"]
[Black "Galiana Salom, Juan Ramon"]
[Result "0-1"]
[WhiteElo "1747"]
[BlackElo "2216"]
[PlyCount "68"]
[EventDate "2009.09.26"]

1. d4 f5 2. Nf3 c6 3. Bf4 d6 4. c3 g6 5. Nbd2 Bg7 6. e4 Qc7 7. e5 d5 8. Qb3 e6
9. c4 h6 10. h4 Ne7 11. Bd3 Qa5 12. O-O Nd7 13. Qc3 Qd8 14. h5 g5 15. Bh2 O-O
16. Qb4 Qe8 17. Qd6 Kh8 18. cxd5 Nxd5 19. Bc4 Rf7 20. Bxd5 cxd5 21. Rfc1 Bf8
22. Qc7 Nc5 23. Qa5 Nd3 24. Rc7 Bb4 25. Rxc8 Bxa5 26. Rxe8+ Rxe8 27. Nb3 Bb6
28. Rb1 Rc7 29. Ne1 Nxe1 30. Rxe1 Rec8 31. f4 Rc2 32. Rb1 Re2 33. Rc1 Rxc1+ 34.
Nxc1 Re1+ 0-1

[Event "Campeonato de España Individual"]
[Site "Cala Major-Palma de Mallorca"]
[Date "2009.09.26"]
[Round "1.46"]
[White "Sabater Sanchez, Asensio"]
[Black "Milian Calatayud, Jose Luis"]
[Result "1/2-1/2"]
[WhiteElo "2211"]
[BlackElo "1718"]
[PlyCount "97"]
[EventDate "2009.09.26"]

1. c4 c5 2. Nf3 e6 3. g3 b6 4. Bg2 Bb7 5. O-O d6 6. Nc3 a6 7. e4 e5 8. d3 Nd7
9. Ne1 Ngf6 10. f4 Be7 11. fxe5 Nxe5 12. Nc2 O-O 13. b4 Qc7 14. bxc5 Qxc5+ 15.
Be3 Qc7 16. a4 Bc6 17. Nd4 Nfd7 18. Nxc6 Qxc6 19. Nd5 Bd8 20. Rb1 Nc5 21. d4
Nxc4 22. Bc1 Nxa4 23. e5 Qd7 24. Nf6+ Bxf6 25. Bxa8 Nc3 26. Qd3 Nxb1 27. Qxc4
dxe5 28. Be4 Qxd4+ 29. Qxd4 exd4 30. Bxb1 a5 31. Bd3 a4 32. Ba3 Rc8 33. Bb4 Bg5
34. Ra1 Rc1+ 35. Rxc1 Bxc1 36. Kf1 a3 37. Bc4 h5 38. Ke2 g5 39. Bd2 Bxd2 40.
Kxd2 b5 41. Bb3 Kg7 42. Kd3 f5 43. Kxd4 Kf6 44. h3 h4 45. gxh4 gxh4 46. Kd5 Kg5
47. Ke5 Kg6 48. Be6 Kg5 49. Bb3 1/2-1/2

[Event "Campeonato de España Individual"]
[Site "Cala Major-Palma de Mallorca"]
[Date "2009.09.26"]
[Round "1.47"]
[White "Matas Artigues, Josep"]
[Black "Segura Ariza, Jose Luis"]
[Result "0-1"]
[WhiteElo "1716"]
[BlackElo "2210"]
[PlyCount "46"]
[EventDate "2009.09.26"]

1. d4 d5 2. c4 e6 3. g3 c6 4. Qc2 Bd6 5. Nf3 f5 6. Bg2 Nf6 7. O-O O-O 8. b3 Qe7
9. Bb2 a5 10. Nc3 Bd7 11. Rac1 b5 12. cxd5 cxd5 13. Qd3 Na6 14. Rfd1 a4 15. Ne5
a3 16. Ba1 Nb4 17. Qe3 f4 18. gxf4 Nh5 19. Nxd7 Qxd7 20. Bh3 Nxf4 21. Bxe6+
Nxe6 22. Qh3 Rf6 23. e4 Rh6 0-1

[Event "Campeonato de España Individual"]
[Site "Cala Major-Palma de Mallorca"]
[Date "2009.09.26"]
[Round "1.49"]
[White "Castell Cantero, Jose Juan"]
[Black "Cuenca Jimenez, Francisco Javier"]
[Result "0-1"]
[WhiteElo "1577"]
[BlackElo "2189"]
[PlyCount "54"]
[EventDate "2009.09.26"]

1. e4 d5 2. exd5 Nf6 3. d4 Bg4 4. Be2 Bxe2 5. Nxe2 Qxd5 6. O-O Nc6 7. Nbc3 Qh5
8. Nf4 Qxd1 9. Rxd1 O-O-O 10. Be3 e6 11. a3 Be7 12. Nce2 g5 13. Nd3 Nd5 14. c4
Nb6 15. b3 Bf6 16. Nb2 Na5 17. Rd3 e5 18. c5 Nd5 19. b4 Nc6 20. Rad1 exd4 21.
Nc4 Nc3 22. Nxc3 dxc3 23. h3 c2 24. Rxd8+ Rxd8 25. Rf1 Rd1 26. Bc1 Nd4 27. Ne3
Ne2+ 0-1

[Event "Campeonato de España Individual"]
[Site "Cala Major-Palma de Mallorca"]
[Date "2009.09.27"]
[Round "2.3"]
[White "Lopez Martinez, Jose Manuel"]
[Black "Astasio Lopez, David"]
[Result "1/2-1/2"]
[WhiteElo "2570"]
[BlackElo "2315"]
[PlyCount "170"]
[EventDate "2009.09.26"]

1. d4 d5 2. c4 e6 3. Nc3 Nf6 4. cxd5 exd5 5. Bg5 Be7 6. e3 O-O 7. Bd3 Nbd7 8.
Nge2 c6 9. Qc2 Re8 10. f3 c5 11. O-O h6 12. Bh4 a6 13. a4 b6 14. Bf2 Bd6 15.
Kh1 Qc7 16. Rad1 Bb7 17. Bf5 Rad8 18. Qc1 Bc6 19. Bh4 Be7 20. Bb1 Qb7 21. b3
Rc8 22. Qb2 b5 23. axb5 axb5 24. Bf5 b4 25. Na2 Ra8 26. Bxd7 Nxd7 27. Bxe7 Rxe7
28. dxc5 Bb5 29. c6 Bxc6 30. Nd4 Rxe3 31. Qd2 Rae8 32. h3 Nf6 33. Qxb4 Nh5 34.
Qd6 Bb5 35. Rg1 Be2 36. Rd2 Bd3 37. Nb4 Bg6 38. Nxd5 Re1 39. Rxe1 Rxe1+ 40. Kh2
Qa8 41. Re2 Rd1 42. Ne3 Rb1 43. g4 Nf6 44. Nc4 Qa1 45. Qe5 Bd3 46. Rg2 Rh1+ 47.
Kg3 Bf1 48. Rh2 Rxh2 49. Kxh2 Qa2+ 50. Kg3 Qg2+ 51. Kf4 Qh2+ 52. Ke3 Qxh3 53.
Kd2 Qg2+ 54. Kc3 Qa2 55. Nd2 Qa1+ 56. Kb4 Bd3 57. Nc6 Qa6 58. Qc5 Kh7 59. Ne5
Qb7+ 60. Kc3 Be2 61. Kb2 Ba6 62. Qd4 Qe7 63. Nb1 Bb7 64. Nc3 g6 65. b4 Ne8 66.
Qf4 Nd6 67. Nd3 Qc7 68. Nc5 Bc6 69. Qf6 Nc4+ 70. Kc1 Kg8 71. Ne6 Qe5 72. Qxe5
Nxe5 73. Nd4 Bxf3 74. Nxf3 Nxf3 75. b5 Ne5 76. b6 Nd7 77. b7 Kf8 78. Nd5 Nb8
79. Kd2 Ke8 80. Nf6+ Kd8 81. Ng8 h5 82. gxh5 gxh5 83. Ke3 Kc7 84. Kf4 Kxb7 85.
Kg5 Nd7 1/2-1/2

[Event "Campeonato de España Individual"]
[Site "Cala Major-Palma de Mallorca"]
[Date "2009.09.27"]
[Round "2.4"]
[White "Fenollar Jorda, Manuel"]
[Black "Del Rio de Angelis, Salvador Gabriel"]
[Result "0-1"]
[WhiteElo "2311"]
[BlackElo "2559"]
[PlyCount "72"]
[EventDate "2009.09.26"]

1. d4 Nf6 2. Nf3 g6 3. Bg5 Bg7 4. Nbd2 d5 5. e3 O-O 6. Be2 Nbd7 7. O-O c5 8. c3
b6 9. b4 h6 10. Bh4 g5 11. Bg3 Nh5 12. Qa4 Nxg3 13. hxg3 Qc7 14. Rab1 c4 15. e4
e6 16. exd5 exd5 17. Qc2 f5 18. a4 Bb7 19. Rfe1 Qd6 20. Nf1 Rae8 21. Ne3 Rxe3
22. fxe3 Qxg3 23. Qc1 Nf6 24. Nh2 Ne4 25. Rf1 g4 26. Rf4 h5 27. Nf1 Qh4 28.
Rxe4 fxe4 29. Qe1 Rxf1+ 30. Kxf1 g3 31. Bxh5 Qh1+ 32. Ke2 Qxg2+ 33. Kd1 Qh2 34.
Be2 Bc8 35. Rc1 Bh6 36. Kd2 Bxe3+ 0-1

[Event "Campeonato de España Individual"]
[Site "Cala Major-Palma de Mallorca"]
[Date "2009.09.27"]
[Round "2.5"]
[White "Garcia-Ortega Mendez, Jose M"]
[Black "Narciso Dublan, Març"]
[Result "1-0"]
[WhiteElo "2277"]
[BlackElo "2533"]
[PlyCount "123"]
[EventDate "2009.09.26"]

1. e4 Nf6 2. e5 Nd5 3. d4 d6 4. Nf3 Bg4 5. Be2 e6 6. O-O Be7 7. c4 Nb6 8. Be3
O-O 9. exd6 cxd6 10. Nc3 N8d7 11. b3 Nf6 12. h3 Bh5 13. Qd2 Re8 14. Rfd1 Nbd7
15. Rac1 a6 16. Na4 Rc8 17. b4 Bf8 18. Qb2 Qc7 19. d5 exd5 20. cxd5 Qb8 21.
Rxc8 Qxc8 22. b5 Ne5 23. Nxe5 Bxe2 24. Qxe2 Rxe5 25. bxa6 bxa6 26. Nb6 Qe8 27.
Qd3 a5 28. Kf1 Qd8 29. Bd4 Re8 30. Qb5 Ne4 31. Qxa5 Qc7 32. Kg1 Qc2 33. Re1 Nd2
34. Be3 Ne4 35. Qb5 Rb8 36. a4 Qa2 37. Qc4 Qxc4 38. Nxc4 Nc3 39. Nb6 f5 40. a5
Nb5 41. a6 f4 42. Bd4 Kf7 43. Rb1 Nxd4 44. a7 Re8 45. a8=Q Rxa8 46. Nxa8 Be7
47. Nb6 Ne2+ 48. Kf1 Nc3 49. Rb4 g5 50. Rc4 Bf6 51. Rc7+ Kg6 52. Rc6 Ne4 53.
Nc4 Be7 54. Ke1 Kh5 55. Rc7 Bf6 56. Rxh7+ Kg6 57. Rd7 Bd4 58. f3 Nc5 59. Rxd6+
Kh5 60. Kf1 Kh4 61. Rh6+ Kg3 62. Rg6 1-0

[Event "Campeonato de España Individual"]
[Site "Cala Major-Palma de Mallorca"]
[Date "2009.09.27"]
[Round "2.8"]
[White "Oms Pallisse, Josep"]
[Black "Menvielle Laccourreye, Augusto"]
[Result "0-1"]
[WhiteElo "2498"]
[BlackElo "2254"]
[PlyCount "154"]
[EventDate "2009.09.26"]

1. d4 f5 2. c4 Nf6 3. Nc3 g6 4. g3 Bg7 5. Bg2 d6 6. d5 c6 7. Nh3 e5 8. dxe6
Bxe6 9. Qb3 Qe7 10. Ng5 Bc8 11. O-O Nbd7 12. Rd1 h6 13. Nf3 Nc5 14. Qc2 Be6 15.
b3 O-O 16. Bb2 Rad8 17. Nd4 Bf7 18. e3 Nce4 19. Rac1 Rfe8 20. Re1 d5 21. cxd5
Bxd5 22. Nxd5 cxd5 23. f3 Ng5 24. Qc5 Qxc5 25. Rxc5 Ne6 26. Nxe6 Rxe6 27. Bd4
Ne8 28. Bxg7 Kxg7 29. Kf2 Rd7 30. Rec1 d4 31. exd4 Rxd4 32. R1c2 Red6 33. Bf1
Rd2+ 34. Ke3 Rxc2 35. Rxc2 Kf6 36. Rc8 Re6+ 37. Kd4 Nd6 38. Rc1 f4 39. g4 Nf7
40. Bc4 Rd6+ 41. Ke4 Rc6 42. Rc2 g5 43. Bd3 Re6+ 44. Kd4 Rd6+ 45. Kc3 Rc6+ 46.
Kb4 Rb6+ 47. Ka5 Rd6 48. Be4 Rd7 49. Kb4 Rd4+ 50. Kc3 Rd7 51. Re2 Ne5 52. Rd2
Rxd2 53. Kxd2 Ke6 54. Kc3 b6 55. Kd4 Kd6 56. Ba8 Ke6 57. Bb7 Ng6 58. b4 Nh4 59.
Be4 Ng2 60. a4 Ne3 61. Bd3 Kd6 62. Be4 a5 63. bxa5 bxa5 64. Bd3 Nd1 65. Bb5 Ne3
66. Ke4 Ke6 67. Bd3 Kd6 68. h4 gxh4 69. Kxf4 Nd5+ 70. Ke4 Nc3+ 71. Kd4 h3 72.
Bf1 h2 73. Bg2 Nxa4 74. f4 Nc5 75. f5 Nd7 76. Ke3 a4 77. Kd4 Nf6 0-1

[Event "Campeonato de España Individual"]
[Site "Cala Major-Palma de Mallorca"]
[Date "2009.09.27"]
[Round "2.9"]
[White "Camacho Collados, Marcos"]
[Black "Recuero Guerra, David"]
[Result "1/2-1/2"]
[WhiteElo "2231"]
[BlackElo "2492"]
[PlyCount "139"]
[EventDate "2009.09.26"]

1. e4 c5 2. Nf3 d6 3. d4 cxd4 4. Nxd4 Nf6 5. Nc3 Nc6 6. Be2 Nxd4 7. Qxd4 g6 8.
Be3 Bg7 9. O-O O-O 10. Qd2 Be6 11. Bd4 Rc8 12. Rfd1 a6 13. Qe3 Nd7 14. Bxg7
Kxg7 15. f4 Qb6 16. Qxb6 Nxb6 17. Rd4 Rc7 18. Bd3 Rfc8 19. Rb4 Nd7 20. f5 Bc4
21. Bxc4 Rxc4 22. Rxb7 Ne5 23. Rf1 Kf8 24. f6 e6 25. Rd1 R4c6 26. h3 h6 27. Na4
Kg8 28. c3 g5 29. b3 Kh7 30. c4 Kg6 31. Rf1 R8c7 32. Rb8 Rc8 33. Rxc8 Rxc8 34.
Nc3 Rc6 35. Ne2 Nd7 36. Nd4 Rc5 37. Nf3 Kxf6 38. b4 Rc7 39. Nd2+ Ke7 40. a4 a5
41. Rb1 axb4 42. Rxb4 Ra7 43. Nb1 Nc5 44. Nc3 Ra6 45. Kf1 Kf6 46. Ke2 Ke5 47.
Ke3 h5 48. Rb5 g4 49. hxg4 hxg4 50. a5 Kf6 51. Kd4 Ke7 52. Nd1 Rxa5 53. Rxa5
Nb3+ 54. Kd3 Nxa5 55. Ne3 g3 56. Nf1 Kf6 57. Nxg3 Ke5 58. Ne2 Nc6 59. g3 Kf6
60. Nf4 Kg5 61. Ne2 Kg4 62. Nc3 Ne5+ 63. Kd4 Nc6+ 64. Kd3 Ne5+ 65. Kd4 f6 66.
Nb5 Nf7 67. Nc7 Nd8 68. Ne8 Nc6+ 69. Ke3 Kxg3 70. Nxf6 1/2-1/2

[Event "Campeonato de España Individual"]
[Site "Cala Major-Palma de Mallorca"]
[Date "2009.09.27"]
[Round "2.10"]
[White "Alonso Rosell, Alvar"]
[Black "Pont Mulet, Antonio"]
[Result "1-0"]
[WhiteElo "2487"]
[BlackElo "2232"]
[PlyCount "81"]
[EventDate "2009.09.26"]

1. d4 Nf6 2. c4 g6 3. Nc3 d5 4. cxd5 Nxd5 5. Bd2 Bg7 6. e4 Nb6 7. Be3 O-O 8.
Bb5 Bd7 9. Be2 Nc6 10. f4 e6 11. Nf3 f5 12. e5 Nb4 13. O-O Bc6 14. Qd2 Qe7 15.
Rac1 N4d5 16. Bf2 Bh6 17. Bh4 Qd7 18. Ne1 Qg7 19. Nxd5 Nxd5 20. Nd3 Nxf4 21.
Nxf4 g5 22. Bf3 gxf4 23. Bf6 Rxf6 24. exf6 Qxf6 25. Qc3 Bxf3 26. Rxf3 c6 27.
Rd1 Rd8 28. Rfd3 Rd7 29. Qe1 Bf8 30. Qf2 Bd6 31. Kh1 Bc7 32. Qd2 Qd8 33. Qe2
Qf6 34. Re1 Re7 35. d5 cxd5 36. Rxd5 e5 37. Qb5 f3 38. gxf3 Qh4 39. Rg1+ Kf7
40. Rd7 Bb6 41. Qd5+ 1-0

[Event "Campeonato de España Individual"]
[Site "Cala Major-Palma de Mallorca"]
[Date "2009.09.27"]
[Round "2.12"]
[White "De La Villa Garcia, Jesus Maria"]
[Black "Gaya Llodra, Juan"]
[Result "1-0"]
[WhiteElo "2481"]
[BlackElo "2218"]
[PlyCount "91"]
[EventDate "2009.09.26"]

1. e4 e6 2. d4 d5 3. Nc3 Nf6 4. Bg5 Be7 5. e5 Nfd7 6. Bxe7 Qxe7 7. Qh5 a6 8.
Nf3 b6 9. O-O-O Bb7 10. Bd3 c5 11. dxc5 bxc5 12. Rhe1 g6 13. Qh6 Nc6 14. Nxd5
exd5 15. e6 O-O-O 16. exd7+ Qxd7 17. Bc4 Na5 18. Ne5 Qc7 19. Bf1 f6 20. Ng4 Rd6
21. Qf4 f5 22. Ne5 Rb6 23. Nd3 c4 24. Qxc7+ Kxc7 25. Nf4 Rd6 26. Re5 Kb8 27.
Nxd5 Rhd8 28. Nc3 Rxd1+ 29. Nxd1 Nc6 30. Rc5 Re8 31. Bxc4 Nd4 32. c3 Ne2+ 33.
Kd2 Nf4 34. g3 Rd8+ 35. Kc1 Bf3 36. Ne3 Nh3 37. Bxa6 Nxf2 38. Re5 Be4 39. a4
Nd3+ 40. Bxd3 Rxd3 41. Nc4 Rf3 42. Re8+ Kc7 43. Re7+ Kd8 44. Rxh7 Rf2 45. Nd2
Bd3 46. Rh4 1-0

[Event "Campeonato de España Individual"]
[Site "Cala Major-Palma de Mallorca"]
[Date "2009.09.27"]
[Round "2.16"]
[White "Garza Marco, Sergio"]
[Black "Ruiz Marana, Alejandro"]
[Result "1-0"]
[WhiteElo "2447"]
[BlackElo "2204"]
[PlyCount "73"]
[EventDate "2009.09.26"]

1. d4 c5 2. d5 d6 3. e4 Nf6 4. Nc3 g6 5. h3 Bg7 6. Nf3 O-O 7. Bd3 Na6 8. O-O
Nc7 9. Re1 b6 10. Bf4 a6 11. a4 Rb8 12. Bf1 Bb7 13. Rb1 Qd7 14. Qd2 Rfd8 15. b4
Ba8 16. Rb3 Rdc8 17. b5 a5 18. Bc4 Re8 19. e5 Nh5 20. Bh2 f5 21. Rbb1 Rbd8 22.
Rbd1 Rf8 23. Qd3 Kh8 24. e6 Qc8 25. Ng5 Kg8 26. Ne2 Qb7 27. Qf3 Ne8 28. Nf7 Rc8
29. g4 fxg4 30. hxg4 Nhf6 31. Nf4 Nc7 32. g5 Nfe8 33. Qh3 Bd4 34. c3 Bg7 35.
Re3 Nxe6 36. Nh6+ Bxh6 37. Qxe6+ 1-0

[Event "Campeonato de España Individual"]
[Site "Cala Major-Palma de Mallorca"]
[Date "2009.09.27"]
[Round "2.17"]
[White "Solino Nebot, Leonardo"]
[Black "Teran Alvarez, Ismael"]
[Result "0-1"]
[WhiteElo "2174"]
[BlackElo "2432"]
[PlyCount "60"]
[EventDate "2009.09.26"]

1. e4 c5 2. Nc3 e6 3. f4 a6 4. Nf3 Nc6 5. g3 d5 6. d3 Nf6 7. e5 Ng8 8. Bg2 h5
9. O-O Nh6 10. Qe2 Nf5 11. Qf2 Be7 12. Bd2 b5 13. Ne2 Rb8 14. h3 Qb6 15. c3 d4
16. g4 hxg4 17. hxg4 Nh4 18. Nxh4 Bxh4 19. Ng3 c4 20. Be4 Bb7 21. Rae1 cxd3 22.
f5 Nxe5 23. fxe6 f6 24. Bxb7 Qxb7 25. cxd4 Bxg3 26. Qxg3 Qh1+ 27. Kf2 Rh2+ 28.
Ke3 Nc4+ 29. Kf4 Qd5 30. Bc3 g5# 0-1

[Event "Campeonato de España Individual"]
[Site "Cala Major-Palma de Mallorca"]
[Date "2009.09.27"]
[Round "2.19"]
[White "Gutierrez Castillo, Paloma"]
[Black "Del Rey, Diego"]
[Result "1-0"]
[WhiteElo "2151"]
[BlackElo "2419"]
[PlyCount "93"]
[EventDate "2009.09.26"]

1. e4 d6 2. d4 Nf6 3. Bd3 e5 4. c3 d5 5. dxe5 Nxe4 6. Nf3 Nc6 7. Nbd2 Nc5 8.
Bb1 Bg4 9. O-O a5 10. h3 Bh5 11. Re1 Be7 12. Nf1 Qd7 13. Ng3 Bg6 14. Nd4 Nxd4
15. cxd4 Ne6 16. f4 Bxb1 17. Rxb1 Bh4 18. Kh2 g6 19. f5 gxf5 20. Nh5 O-O-O 21.
Rf1 Kb8 22. Rxf5 c5 23. dxc5 Be7 24. Rxf7 Qc7 25. Kh1 Rdf8 26. Rxf8+ Rxf8 27.
Qxd5 Rf1+ 28. Kh2 Qxc5 29. Qxe6 Qg1+ 30. Kg3 Qf2+ 31. Kh2 Qg1+ 32. Kg3 Bc5 33.
Qd5 Qf2+ 34. Kg4 Qf5+ 35. Kg3 Qg6+ 36. Kh4 Be7+ 37. Nf6 Qxb1 38. Bg5 Qe1+ 39.
g3 Qb4+ 40. Kh5 Ka8 41. Qg8+ Bf8 42. Bf4 Qe7 43. Nxh7 Qe8+ 44. Qg6 Qc8 45. e6
Qc5+ 46. Qg5 Re1 47. Nxf8 1-0

[Event "Campeonato de España Individual"]
[Site "Cala Major-Palma de Mallorca"]
[Date "2009.09.27"]
[Round "2.20"]
[White "Vassallo Barroche, Mauricio"]
[Black "Iñigo Muñoz, Javier"]
[Result "1-0"]
[WhiteElo "2411"]
[BlackElo "2167"]
[PlyCount "51"]
[EventDate "2009.09.26"]

1. d4 d5 2. c4 e6 3. Nc3 f5 4. Bf4 Nf6 5. Nf3 c6 6. e3 Bd6 7. Ne5 O-O 8. Bd3
Qe7 9. c5 Bc7 10. O-O Nbd7 11. Nxc6 bxc6 12. Bxc7 Nxc5 13. Be5 Ng4 14. Bg3 Nxd3
15. Qxd3 a5 16. Rfc1 Ba6 17. Qd1 c5 18. dxc5 Qxc5 19. Na4 Qe7 20. h3 Nh6 21.
Rc7 Qe8 22. Nb6 Rd8 23. Qd4 Rf7 24. Rac1 Qb5 25. a4 Rxc7 26. Bxc7 1-0

[Event "Campeonato de España Individual"]
[Site "Cala Major-Palma de Mallorca"]
[Date "2009.09.27"]
[Round "2.21"]
[White "Camacho Collados, Jose"]
[Black "Serra Olives, Tomas"]
[Result "1-0"]
[WhiteElo "2401"]
[BlackElo "2145"]
[PlyCount "156"]
[EventDate "2009.09.26"]

1. e4 c5 2. Nf3 Nc6 3. d4 cxd4 4. Nxd4 Nf6 5. Nc3 e5 6. Ndb5 d6 7. Bg5 a6 8.
Na3 b5 9. Bxf6 gxf6 10. Nd5 f5 11. g3 Bg7 12. Bg2 O-O 13. exf5 Bxf5 14. Ne3 Bd7
15. Qxd6 Rc8 16. O-O Be6 17. Rfd1 Qxd6 18. Rxd6 e4 19. c3 b4 20. Nac4 bxc3 21.
bxc3 Bxc3 22. Rc1 Bb4 23. Bxe4 Bxd6 24. Nxd6 Nd4 25. Rd1 Rc1 26. Rxc1 Ne2+ 27.
Kg2 Nxc1 28. a4 Rb8 29. Nb7 Nb3 30. Nc2 f5 31. Bf3 Nd2 32. Nc5 Bc4 33. Ne3 Nxf3
34. Nxc4 Nd4 35. Nd6 Rb2 36. a5 Ra2 37. Ndb7 Rb2 38. Nd6 Kf8 39. Nxa6 Ke7 40.
Nc4 Rc2 41. Ne3 Ra2 42. Nb4 Rxa5 43. Nec2 Nxc2 44. Nc6+ Kf6 45. Nxa5 Ne1+ 46.
Kf1 Nf3 47. h3 h5 48. Nc4 f4 49. Nb2 Kg5 50. Nd3 Nd2+ 51. Ke2 fxg3 52. fxg3 Ne4
53. Kf3 Nd2+ 54. Ke3 Nf1+ 55. Kf2 Nd2 56. Nc5 Kf5 57. Ke2 Nc4 58. Nd3 Ke4 59.
Nf2+ Kf5 60. Kd3 Ne5+ 61. Ke3 Nc4+ 62. Ke2 h4 63. g4+ Kf4 64. Nd3+ Kg3 65. g5
Nd6 66. Ke3 Nf5+ 67. Ke4 Nd6+ 68. Kd5 Nf7 69. g6 Nh6 70. Ke4 Kxh3 71. Kf3 Kh2
72. g7 h3 73. Nf2 Ng8 74. Ng4+ Kg1 75. Kg3 Kf1 76. Kxh3 Ke2 77. Kh4 Kf3 78. Kg5
Ke4 1-0

[Event "Campeonato de España Individual"]
[Site "Cala Major-Palma de Mallorca"]
[Date "2009.09.27"]
[Round "2.24"]
[White "Planas Gene, Juan"]
[Black "Hernandez Gallardo, Fco Javier"]
[Result "0-1"]
[WhiteElo "2130"]
[BlackElo "2360"]
[PlyCount "76"]
[EventDate "2009.09.26"]

1. d4 Nf6 2. c4 e6 3. Nc3 Bb4 4. e3 O-O 5. Bd3 c5 6. Nge2 cxd4 7. exd4 d5 8. a3
dxc4 9. Bxc4 Be7 10. O-O Nc6 11. Bf4 Bd7 12. Qd3 a6 13. Rad1 Rc8 14. Ba2 b5 15.
d5 exd5 16. Nxd5 Nxd5 17. Qxd5 Bg4 18. Qe4 Qe8 19. Bb1 g6 20. Bh6 Bg5 21. Qxg4
Bxh6 22. Ng3 Qe5 23. Nf5 Bg7 24. Nxg7 Kxg7 25. b4 Rcd8 26. Rfe1 Qb2 27. Qe4
Rxd1 28. Rxd1 Rd8 29. Rf1 Rd6 30. h4 Qxa3 31. h5 Qxb4 32. Qe8 Qf4 33. Ba2 gxh5
34. Re1 Rf6 35. f3 Qd6 36. Re4 Nd4 37. Re5 h6 38. Rd5 Nxf3+ 0-1